Statistics for Most Capped International Footballers for Switzerland

Click here to take the quiz!

General Stats

  • This quiz has been taken 30 times
  • The average score is 8 of 20

Answer Stats

#CapsYearsAnswer% Correct
21152011-Granit Xhaka
89%
31142010-Xherdan Shaqiri
89%
12832012-Yann Sommer
79%
41082011-Ricardo Rodriguez
68%
41082006-2019Stefan Lichtsteiner
68%
11842001-2011Alexander Frei
64%
8932013-Haris Seferovic
54%
9892006-2015Gokhan Inler
46%
18762006-2018Johannes Djourou
43%
10872000-2011Hakan Yakin
39%
61031989-2004Stéphane Chapuisat
39%
12832005-2018Valon Behrami
39%
18762013-Fabian Schär
29%
16791991-2001Ciriaco Sforza
21%
7941995-2007Johann Vogel
14%
11181978-1991Heinz Hermann
11%
14811998-2008Patrick Müller
11%
18762011-2021Admir Mehmedi
7%
16791979-1994André Egli
7%
15801930-1943Severino Minelli
4%

Score Distribution

Percentile by Number Answered

Percent of People with Each Score

Your Score History

You have not taken this quiz